Statistics for Top 15 Most Subscribed on YouTube

Click here to take the quiz!

General Stats

  • This quiz has been taken 246 times
  • The average score is 4 of 15

Answer Stats

Subscribers Channel % Correct
4Msmosh
80%
5Mnigahiga
55%
5MRayWilliamJohnson
50%
3MJennaMarbles
41%
2MShaneDawsonTV
32%
2MEpicMealTime
22%
4Mmachinima
14%
2MRihannaVEVO
14%
3Mfreddiew
14%
2Mrealannoyingorange
11%
2Mcollegehumor
10%
2Mkevjumba
9%
2MFPSRussia
8%
2MMysteryGuitarMan
6%
2Mthelonelyisland
3%

Score Distribution

Percentile by Number Answered

Percent of People with Each Score

Your Score History

You have not taken this quiz